Aging, globalization, and inequality : (Record no. 30999)

000 -LEADER
fixed length control field 01168cam a22003014a 4500
001 - CONTROL NUMBER
control field 14129340
005 - DATE AND TIME OF LATEST TRANSACTION
control field 20220105110213.0
008 - FIXED-LENGTH DATA ELEMENTS--GENERAL INFORMATION
fixed length control field 051001s2006 nyu b 001 0 eng
010 ## - LIBRARY OF CONGRESS CONTROL NUMBER
LC control number 2005053697
020 ## - INTERNATIONAL STANDARD BOOK NUMBER
International Standard Book Number 9780895033581
040 ## - CATALOGING SOURCE
Original cataloging agency DLC
Transcribing agency DLC
Modifying agency DLC
042 ## - AUTHENTICATION CODE
Authentication code pcc
050 00 - LIBRARY OF CONGRESS CALL NUMBER
Classification number HQ 1061 .A4274 2006
245 00 - TITLE STATEMENT
Title Aging, globalization, and inequality :
Remainder of title the new critical gerontology /
Statement of responsibility, etc. edited by Jan Baars ... [et al.].
260 ## - PUBLICATION, DISTRIBUTION, ETC. (IMPRINT)
Place of publication, distribution, etc. Amityville, N.Y. :
Name of publisher, distributor, etc. Baywood Pub.,
Date of publication, distribution, etc. c2006.
300 ## - PHYSICAL DESCRIPTION
Extent viii, 291 p. ;
Dimensions 24 cm.
440 #0 - SERIES STATEMENT/ADDED ENTRY--TITLE
Title Society and aging series
504 ## - BIBLIOGRAPHY, ETC. NOTE
Bibliography, etc Includes bibliographical references and index.
650 #0 - SUBJECT ADDED ENTRY--TOPICAL TERM
Topical term or geographic name as entry element Gerontology.
650 #0 - SUBJECT ADDED ENTRY--TOPICAL TERM
Topical term or geographic name as entry element Older people
General subdivision Social conditions
Chronological subdivision 21st century.
650 #0 - SUBJECT ADDED ENTRY--TOPICAL TERM
Topical term or geographic name as entry element Aging
General subdivision Social aspects.
650 #0 - SUBJECT ADDED ENTRY--TOPICAL TERM
Topical term or geographic name as entry element Globalization
General subdivision Social aspects.
650 #0 - SUBJECT ADDED ENTRY--TOPICAL TERM
Topical term or geographic name as entry element Equality.
700 1# - ADDED ENTRY--PERSONAL NAME
Personal name Baars, Jan.
906 ## - LOCAL DATA ELEMENT F, LDF (RLIN)
a 7
b cbc
c orignew
d 1
e ocip
f 20
g y-gencatlg
942 ## - ADDED ENTRY ELEMENTS (KOHA)
Source of classification or shelving scheme
Koha item type Hard Covered Materials
Classification part HQ 1061 .A4274 2006
Holdings
Withdrawn status Lost status Source of classification or shelving scheme Damaged status Not for loan Home library Current library Shelving location Date acquired Source of acquisition Cost, normal purchase price Total Checkouts Full call number Barcode Date last seen Price effective from Koha item type
          MACHAKOS UNIVERSITY LIBRARY MACHAKOS UNIVERSITY LIBRARY Open shelf 05/01/2022 Rattansi Educational Trust (Donation) 7495.69   HQ 1061 .A4274 2006 23665 12/01/2022 05/01/2022 Hard Covered Materials
© Machakos University Library, Along The Highway, Machakos Wote Rd, Machakos, Kenya P.O. Box 136 - 90100 Machakos - Kenya

Tel: ( +254 ) 723 805829 OR Fax : 044-20353 OR Email: library@mksu.ac.ke